1926-1928 : (Record no. 86683)

MARC details
000 -CABECERA
campo de control de longitud fija 01105ngm a2200229 a 4500
005 - FECHA Y HORA DE LA ÚLTIMA TRANSACCIÓN
campo de control 20210223124429.0
008 - ELEMENTOS DE LONGITUD FIJA--INFORMACIÓN GENERAL
campo de control de longitud fija 011008s2000 mx r 000 0 spa d
020 ## - NÚMERO INTERNACIONAL NORMALIZADO PARA LIBROS
Número Internacional Estándar del Libro 9682992419
035 ## - NÚMERO DE CONTROL DEL SISTEMA
Número de control de sistema UPN01000112775
049 ## - COLECCIÓN
Colección AV
099 ## - CLASIFICACIÓN LOCAL
Clasificación local PVI F 0961
245 00 - MENCIÓN DE TÍTULO
Título 1926-1928 :
Resto del título ballet mecánico /
Mención de responsabilidad, etc. Realización Ricardo Pérez Montfort.
260 ## - PUBLICACIÓN, DISTRIBUCIÓN, ETC.
Lugar de publicación, distribución, etc. México :
Nombre del editor, distribuidor, etc. ILCE,
Fecha de publicación, distribución, etc. [199-?].
300 ## - DESCRIPCIÓN FÍSICA
Extensión 1 videocasete (VHS) (60 min.) :
Otras características físicas son., col.
440 #0 - MENCIÓN DE SERIE/ASIENTO SECUNDARIO--TÍTULO
Título Siglo 20.
Nombre de parte o sección de la obra La vida en México ;
Designación de volumen o secuencia 4
501 ## - NOTA DE "CON"
Nota de “Con” Con: 1928-1929 : calles de sueños y desvelos
520 ## - NOTA DE RESUMEN, ETC.
Sumario, etc. Durante los últimos años del gobierno de Calles se consolida el muralismo mexicano. La vida social se transforma, la riqueza del país se apoya en el petróleo y el ejército se moderniza. En: 1928-1929 : en México, el clero y el Estado terminan con el conflicto cristero. Calles sigue dominando la escena. La radio se hace más popular
651 #4 - ASIENTO SECUNDARIO DE MATERIA - NOMBRE GEOGRAFICO
Nombre geográfico MEXICO -
Subdivisión general HISTORIA -
Subdivisión cronológica REGIMEN CALLISTA, 1924-1928
650 #4 - ASIENTO SECUNDARIO DE MATERIA - TERMINO TEMATICO
Término de materia o nombre geográfico como elemento de entrada HISTORIA MODERNA -
Subdivisión cronológica SIGLO XX
9 (RLIN) 14204
740 0# - ASIENTO SECUNDARIO - TÍTULOS RELACIONADOS /ANALITICOS NO CONTROLADOS
Título relacionado o analítico no controlado 1928-1929 : calles de sueños y desvelos
905 ## - TIPO DE MATERIAL
Tipo de material Audiovisuales
Holdings
Estado de retiro Estado de pérdida Fuente del sistema de clasificación o colocación Estado dañado No para préstamo Código de colección Localización permanente Ubicación/localización actual Ubicación en estantería Enumeración/cronología de publicación seriada Total de préstamos Clasificación Código de barras Fecha visto por última vez Número de copia Tipo de ítem Koha
    Library of Congress Classification     Audiovisuales Bib. Gregorio Torres Quintero Bib. Gregorio Torres Quintero Audiovisual -   PVI F 0961 172265 31/12/2020 1 Videocasete